Sports Quiz

Random Sports or NBA Quiz

NBA Top 10 in Three Pointers Quiz Stats

 Plays Quiz not verified by Sporcle

Score 0/100 Timer 08:00
0 Plays Today
Year Player % Correct
2010-2011Ray Allen
92.8%
2008-2009Ray Allen
92.8%
2007-2008Ray Allen
92.8%
2006-2007Ray Allen
92.8%
2005-2006Ray Allen
92.8%
2004-2005Ray Allen
92.8%
2002-2003Ray Allen
92.8%
2001-2002Ray Allen
92.8%
2007-2008Steve Nash
92.5%
2001-2002Steve Nash
92.5%
2010-2011Stephen Curry
91%
2009-2010Stephen Curry
91%
2001-2002Paul Pierce
79.9%
2001-2002Reggie Miller
79.9%
2006-2007Mike Miller
79.2%
2005-2006Kobe Bryant
77.8%
2009-2010Jason Kidd
77.1%
2003-2004Tracy McGrady
76%
2002-2003Tracy McGrady
76%
2002-2003Dirk Nowitzki
75.3%
2010-2011Manu Ginobili
74.9%
2004-2005Quentin Richardson
74.9%
2010-2011Jason Richardson
74.6%
2007-2008Jason Richardson
74.6%
2005-2006Jason Richardson
74.6%
2006-2007Gilbert Arenas
74.2%
2005-2006Gilbert Arenas
74.2%
2004-2005Gilbert Arenas
74.2%
2010-2011Danny Granger
73.8%
2009-2010Danny Granger
73.8%
2008-2009Danny Granger
73.8%
2007-2008Danny Granger
73.8%
2007-2008Peja Stojakovic
72%
2004-2005Peja Stojakovic
72%
Year Player % Correct
2003-2004Peja Stojakovic
72%
2002-2003Peja Stojakovic
72%
2009-2010Rashard Lewis
71%
2008-2009Rashard Lewis
71%
2007-2008Rashard Lewis
71%
2009-2010Mo Williams
70.3%
2008-2009Mo Williams
70.3%
2005-2006Chauncey Billups
69.5%
2002-2003Antoine Walker
69.5%
2002-2003Chauncey Billups
69.5%
2001-2002Antoine Walker
69.5%
2008-2009Jason Terry
69.2%
2006-2007Jason Terry
69.2%
2005-2006Jason Terry
69.2%
2004-2005Joe Johnson
69.2%
2002-2003Jason Terry
69.2%
2001-2002Jason Terry
69.2%
2009-2010J.R Smith
68.1%
2008-2009J.R Smith
68.1%
2005-2006Kyle Korver
68.1%
2004-2005Kyle Korver
68.1%
2010-2011Mike Bibby
66.7%
2008-2009Mike Bibby
66.7%
2007-2008Baron Davis
66.7%
2006-2007Mike Bibby
66.7%
2005-2006Mike Bibby
66.7%
2003-2004Baron Davis
66.7%
2001-2002Baron Davis
66.7%
2007-2008Stephen Jackson
63.8%
2003-2004Jim Jackson
63.4%
2002-2003Michael Redd
63.4%
2004-2005Damon Jones
61.6%
2003-2004Eddie Jones
61.3%
2010-2011Kevin Martin
59.5%
Year Player % Correct
2008-2009Ben Gordon
55.2%
2002-2003Allan Houston
55.2%
2009-2010Jamal Crawford
51.6%
2007-2008Jamal Crawford
51.6%
2004-2005Jamal Crawford
51.6%
2003-2004Jamal Crawford
51.6%
2006-2007Leandro Barbosa
49.5%
2009-2010Aaron Brooks
48.7%
2007-2008Raja Bell
45.5%
2006-2007Raja Bell
45.5%
2005-2006Raja Bell
45.5%
2010-2011Channing Frye
44.8%
2009-2010Channing Frye
44.8%
2010-2011Dorell Wright
44.1%
2010-2011Wesley Matthews
41.2%
2003-2004Michael Finley
41.2%
2003-2004Cuttino Mobley
38.7%
2001-2002Cuttino Mobley
38.7%
2006-2007Shane Battier
34.1%
2009-2010Danilo Gallinari
33.3%
2005-2006Morris Peterson
30.8%
2008-2009Al Harrington
28.3%
2006-2007Rafer Alston
26.5%
2003-2004Rafer Alston
26.5%
2004-2005Damon Stoudamire
25.8%
2001-2002Brent Barry
25.4%
2008-2009Roger Mason
19%
2003-2004Damon Stoudemire
13.3%
2002-2003Pat Garrity
12.9%
2001-2002Pat Garrity
12.9%
2004-2005Chucky Atkins
10.4%
2006-2007Luther Head
10%

You're not logged in!

Compare scores with friends on all Sporcle quizzes.
OR
Log In

Show Comments

Extras

Top Quizzes Today


Score Distribution

Your Account Isn't Verified!

In order to create a playlist on Sporcle, you need to verify the email address you used during registration. Go to your Sporcle Settings to finish the process.

Report this User

Report this user for behavior that violates our Community Guidelines.

Details: